书目信息 |
| 题名: |
中华人民共和国海商海事法典
|
|
| 作者: | ;法律出版社 编 | |
| 分册: | ||
| 出版信息: | 北京 法律出版社 2015 |
|
| 页数: | 815页 | |
| 开本: | 23cm | |
| 丛书名: | ||
| 单 册: | ||
| 中图分类: | D923.993.9 , D993.5 | |
| 科图分类: | ||
| 主题词: | 海商法--Hai Shang Fa--中国--汇编 , 海事处理--Hai Shi Chu Li--法规--中国--汇编 | |
| 电子资源: | ||
| ISBN: | 978-7-5118-6968-5 | |
| 000 | 01117nam0 22002771 450 | |
| 001 | 0101082559 | |
| 005 | 20161201102646.03 | |
| 010 | @a978-7-5118-6968-5@dCNY108.00 | |
| 100 | @a20150310d2015 em y0chiy50 ea | |
| 101 | 0 | @achi |
| 102 | @aCN@b110000 | |
| 105 | @ay n 000yy | |
| 106 | @ar | |
| 200 | 1 | @a中华人民共和国海商海事法典@AZhong Hua Ren Min Gong He Guo Hai Shang Hai Shi Fa Dian@dMaritime laws and regulations of China@f法律出版社法规中心编@zeng |
| 210 | @a北京@c法律出版社@d2015 | |
| 215 | @a815页@d23cm | |
| 300 | @a中华人民共和国分类法典(应用版) 民商法编 12 | |
| 330 | @a本书收录中华人民共和国海商海事法,共十一部分,主要内容有:综合、港口、航道和通航、船务公司、船舶、船员、海上运输、海上安全与事故处理、海事赔偿、海上保险、海事诉讼等。 | |
| 510 | 1 | @aMaritime laws and regulations of China@zeng |
| 606 | 0 | @a海商法@AHai Shang Fa@y中国@j汇编 |
| 606 | 0 | @a海事处理@AHai Shi Chu Li@x法规@y中国@j汇编 |
| 690 | @aD923.993.9@v5 | |
| 690 | @aD993.5@v5 | |
| 711 | 02 | @a法律出版社@AFa Lv Chu Ban She@b法规中心@4编 |
| 801 | 0 | @aCN@bTANGWEI@c20160820 |
| 905 | @b0952661-4@dD923.993.9@e1516@f4 | |
| 中华人民共和国海商海事法典=Maritime laws and regulations of China/法律出版社法规中心编.-北京:法律出版社,2015 |
| 815页;23cm |
| 中华人民共和国分类法典(应用版) 民商法编 12 |
| ISBN 978-7-5118-6968-5:CNY108.00 |
| 本书收录中华人民共和国海商海事法,共十一部分,主要内容有:综合、港口、航道和通航、船务公司、船舶、船员、海上运输、海上安全与事故处理、海事赔偿、海上保险、海事诉讼等。 |
| ● |
| 相关链接 |
|
|
|
|
正题名:中华人民共和国海商海事法典
索取号:D923.993.9/1516
 
预约/预借
| 序号 | 登录号 | 条形码 | 馆藏地/架位号 | 状态 | 备注 |
| 1 | 0952661 | 209526618 | 第一样本阅览室/ [索取号:D923.993.9/1516] | 在馆 | |
| 2 | 0952662 | 209526627 | 密集书库-史法系/ [索取号:D923.993.9/1516] | 在馆 | |
| 3 | 0952663 | 209526636 | 第一借阅区/ [索取号:D923.993.9/1516] | 在馆 | |
| 4 | 0952664 | 209526645 | 第一借阅区/ [索取号:D923.993.9/1516] | 在馆 |